000
00290nam a22001217a 4500
020
_a
0-7110-0929-5
082
_a
954.9045 FRI'B
100
_a
FRICKER, JOHN
_9
6756
245
_a
BATTLE FOR PAKISTAN THE AIR WAR OF 1965
260
_a
LONDON
_b
LAN ALLAN
_c
1979
300
_a
192P
942
_c
BK
999
_c
581773
_d
581773